000 00346cam a2200145ua 4500
041 _aeng
_h
082 _a954.01
_bMAH/AD
100 _aMahendra, R C .
245 _aAdvanced history of India, Part 1 /
_cR C Mahendra.
_hTextual Documents
300 _a297 ; .
504 _a
700 1 _aRajachandra, .
942 _cBK
999 _c3352
_d3352